| 000 | 00375 a2200121 4500 | ||
|---|---|---|---|
| 020 | _a9694170648 | ||
| 082 | _a015.5491 | ||
| 100 | _aShahid Mahmood, comp. | ||
| 245 |
_aNational Bibilography of Research Theses _cShahid Mahmood, comp. |
||
| 250 | _a1st ed | ||
| 260 |
_aislamabad : _buniversity Grants Commission _c2000 |
||
| 300 |
_a11, 442p. : _c25cm |
||
| 650 | _a Research Thesis -- National Bibliography | ||
| 999 |
_c165 _d165 |
||